00317nam a2200121Ia 4500008004100000082001400041100001700055245006100072250000800133260002100141300001000162650002300172150201s2013 xx 000 0 und d a614bC13L aLAL , SUNDER aTB. OF COMMUNITY MEDICINE PREVENTIVE AND SOCIAL MEDICINE a3RD bCBSaDELHIc2013 a1-760 aCOMMUNITY MEDICINE